[Event "Belgrade-chT"]
[Site "Belgrade"]
[Date "2020.10.12"]
[Round "8.3"]
[White "Nikolic, Sava N"]
[Black "Dikic, Veljko"]
[Result "1/2-1/2"]
[WhiteElo "2308"]
[BlackElo "2082"]
[PlyCount "85"]
[EventDate "2020.10.04"]
[EventType "team-tourn"]
[EventRounds "9"]
[EventCountry "SRB"]
[SourceTitle "EXT 2022"]
[Source "ChessBase"]
[SourceDate "2021.10.06"]
[SourceVersion "1"]
[SourceVersionDate "2021.10.06"]
[SourceQuality "1"]
[WhiteTeam "Belgrade"]
[BlackTeam "Tadic"]
[WhiteTeamCountry "SRB"]
[BlackTeamCountry "SRB"]

1. e4 d6 2. d4 Nf6 3. Nc3 e5 4. dxe5 dxe5 5. Qxd8+ Kxd8 6. Nf3 Bd6 7. Bg5 Nbd7 8. 0-0-0 Ke8 9. Nd2 Ng4 10. Bh4 f6 11. h3 Nh6 12. Nb5 Nb6 13. Nc4 Nxc4 14. Bxc4 Ke7 15. f3 Be6 16. Bxe6 Kxe6 17. Nxd6 cxd6 18. b3 Rac8 19. Kb2 b5 20. Rd5 a6 21. Ra1 Rc6 22. Be1 Rhc8 23. c3 b4 24. c4 Rb8 25. a3 bxa3+ 26. Rxa3 Ng8 27. Rda5 Rxc4 28. Rxa6 Ne7 29. Ra8 Rxa8 30. Rxa8 Rc7 31. Ra6 Kd7 32. Bb4 Nc6 33. Bc3 Ra7 34. Ra4 Kc7 35. Kc2 Rxa4 36. bxa4 Kb6 37. Kd3 Kc5 38. Bd2 d5 39. exd5 Kxd5 40. a5 Nb8 41. Bb4 Nc6 42. Bc3 Nb8 43. Bb4 1/2-1/2

[Event "Belgrade-chT"]
[Site "Belgrade"]
[Date "2020.10.07"]
[Round "4.3"]
[White "Nikolic, Sava N"]
[Black "Jakovljevic, Vladimir"]
[Result "1-0"]
[WhiteElo "2308"]
[BlackElo "2203"]
[PlyCount "63"]
[EventDate "2020.10.04"]
[EventType "team-tourn"]
[EventRounds "9"]
[EventCountry "SRB"]
[SourceTitle "EXT 2022"]
[Source "ChessBase"]
[SourceDate "2021.10.06"]
[SourceVersion "1"]
[SourceVersionDate "2021.10.06"]
[SourceQuality "1"]
[WhiteTeam "Belgrade"]
[BlackTeam "MZ Cirilo i Metodije"]
[WhiteTeamCountry "SRB"]
[BlackTeamCountry "SRB"]

1. Nf3 Nf6 2. g3 g6 3. Bg2 Bg7 4. 0-0 0-0 5. d3 d5 6. Nbd2 c5 7. e4 Nc6 8. c3 e5 9. Re1 h6 10. exd5 Nxd5 11. Nc4 Re8 12. a4 Bf5 13. Bf1 Qd7 14. Nfd2 Nf6 15. Qb3 Rab8 16. Ne4 Nxe4 17. dxe4 Bg4 18. Ne3 Bf3 19. Bg2 Bxg2 20. Kxg2 Qe6 21. Qxe6 Rxe6 22. Nc4 b6 23. Rd1 Rd8 24. Rxd8+ Nxd8 25. Be3 Kf8 26. a5 Ke8 27. axb6 axb6 28. Ra6 Bf8 29. Rxb6 f5 30. Rxe6+ Nxe6 31. exf5 gxf5 32. Nxe5 1-0

[Event "Belgrade-chT"]
[Site "Belgrade"]
[Date "2020.10.06"]
[Round "3.2"]
[White "Nikolic, Sava N"]
[Black "Djokic, Mihailo"]
[Result "0-1"]
[WhiteElo "2308"]
[BlackElo "2232"]
[PlyCount "62"]
[EventDate "2020.10.04"]
[EventType "team-tourn"]
[EventRounds "9"]
[EventCountry "SRB"]
[SourceTitle "EXT 2022"]
[Source "ChessBase"]
[SourceDate "2021.10.06"]
[SourceVersion "1"]
[SourceVersionDate "2021.10.06"]
[SourceQuality "1"]
[WhiteTeam "Belgrade"]
[BlackTeam "Grocka Pobednik"]
[WhiteTeamCountry "SRB"]
[BlackTeamCountry "SRB"]

1. e4 c5 2. Nf3 d6 3. d4 cxd4 4. c3 Nf6 5. Bd3 dxc3 6. Nxc3 g6 7. 0-0 Bg7 8. h3 0-0 9. Qe2 a6 10. a4 Nc6 11. Rd1 Nd7 12. Bg5 h6 13. Be3 Nde5 14. Nxe5 Nxe5 15. Bb1 Be6 16. Nd5 Rc8 17. Ba2 Nd7 18. Qd2 Kh7 19. Bd4 Bxd4 20. Qxd4 a5 21. b4 axb4 22. Qxb4 b6 23. Bc4 Bxd5 24. Bxd5 Rc5 25. Bc4 Qc7 26. Bf1 Rc2 27. Rdb1 Ra8 28. Bd3 Rc3 29. Bb5 Nf6 30. Be2 Ra5 31. Qxb6 Rc1+ 0-1

[Event "Belgrade-chT"]
[Site "Belgrade"]
[Date "2020.10.04"]
[Round "1.3"]
[White "Nikolic, Sava N"]
[Black "Pucarevic, Milenko"]
[Result "1/2-1/2"]
[WhiteElo "2308"]
[BlackElo "2194"]
[PlyCount "122"]
[EventDate "2020.10.04"]
[EventType "team-tourn"]
[EventRounds "9"]
[EventCountry "SRB"]
[SourceTitle "EXT 2022"]
[Source "ChessBase"]
[SourceDate "2021.10.06"]
[SourceVersion "1"]
[SourceVersionDate "2021.10.06"]
[SourceQuality "1"]
[WhiteTeam "Belgrade"]
[BlackTeam "Romanticari"]
[WhiteTeamCountry "SRB"]
[BlackTeamCountry "SRB"]

1. e4 c5 2. Nf3 e6 3. d4 cxd4 4. c3 a6 5. cxd4 d6 6. Nc3 Be7 7. Bd3 b5 8. 0-0 Bb7 9. a4 b4 10. Na2 a5 11. Be3 Nd7 12. Nc1 Ngf6 13. Nd2 0-0 14. Ncb3 Nb6 15. f3 Bc6 16. Nc1 Rb8 17. Ne2 Qd7 18. b3 Rfc8 19. Rc1 d5 20. e5 Ne8 21. f4 g6 22. g4 f5 23. exf6 Nxf6 24. Ng3 Bxa4 25. Rxc8+ Rxc8 26. bxa4 Rc3 27. Bb5 Qc8 28. Re1 Nc4 29. Ngf1 e5 30. dxe5 Nxe3 31. Nxe3 Bc5 32. Ndf1 Qxg4+ 33. Kh1 Bxe3 34. exf6 Qxd1 35. Rxd1 Bxf4 36. Rxd5 Kf7 37. Kg2 b3 38. Be2 b2 39. Rb5 Rc2 40. Kf3 Be5 41. Bd3 Rc3 42. Ke4 Bxf6 43. Rxb2 Rc7 44. Rb8 Bc3 45. Ne3 Be1 46. Bc4+ Kg7 47. Bd5 h5 48. Nc4 Kh6 49. Ne5 Rc2 50. Nf3 Bb4 51. h4 Rc7 52. Kd4 Bc3+ 53. Kd3 Bb4 54. Be4 Rd7+ 55. Ke3 Rd6 56. Ne5 Bd2+ 57. Ke2 Rd4 58. Kf3 Rxa4 59. Nxg6 Ra3+ 60. Ke2 Re3+ 61. Kxd2 Rxe4 1/2-1/2

[Event "Belgrade-chT"]
[Site "Belgrade"]
[Date "2019.10.01"]
[Round "8.2"]
[White "Arsic, Djordje"]
[Black "Nikolic, Sava N"]
[Result "0-1"]
[WhiteElo "2194"]
[BlackElo "2297"]
[PlyCount "58"]
[EventDate "2019.09.23"]
[EventType "team-tourn"]
[EventRounds "11"]
[EventCountry "SRB"]
[SourceTitle "EXT 2020"]
[Source "ChessBase"]
[SourceDate "2019.10.17"]
[SourceVersion "1"]
[SourceVersionDate "2019.10.17"]
[SourceQuality "1"]
[WhiteTeam "Lasta"]
[BlackTeam "Belgrade"]
[WhiteTeamCountry "SRB"]
[BlackTeamCountry "SRB"]

1. e4 g6 2. d4 Bg7 3. Nc3 d6 4. f4 Nf6 5. Nf3 0-0 6. Bd3 c5 7. d5 b5 8. Nxb5 c4 9. Bxc4 Nxe4 10. Qe2 a6 11. Nbd4 Nf6 12. Bb3 Nxd5 13. Bxd5 Qa5+ 14. c3 Qxd5 15. Qxe7 Nc6 16. Nxc6 Qxc6 17. 0-0 Bb7 18. Qg5 Rfe8 19. f5 h6 20. Qg3 Qc5+ 21. Nd4 Re2 22. Rf2 Re1+ 23. Rf1 Bxd4+ 24. cxd4 Qxd4+ 25. Qf2 Rxf1+ 26. Kxf1 Qd1+ 27. Qe1 Bxg2+ 28. Kf2 Qf3+ 29. Kg1 Bh3 0-1

[Event "Belgrade-chT"]
[Site "Belgrade"]
[Date "2019.09.26"]
[Round "4.9"]
[White "Nikolic, Sava N"]
[Black "Andrijevic, Milan"]
[Result "1-0"]
[WhiteElo "2297"]
[BlackElo "2255"]
[PlyCount "95"]
[EventDate "2019.09.23"]
[EventType "team-tourn"]
[EventRounds "11"]
[EventCountry "SRB"]
[SourceTitle "EXT 2020"]
[Source "ChessBase"]
[SourceDate "2019.10.17"]
[SourceVersion "1"]
[SourceVersionDate "2019.10.17"]
[SourceQuality "1"]
[WhiteTeam "Belgrade"]
[BlackTeam "Grocka"]
[WhiteTeamCountry "SRB"]
[BlackTeamCountry "SRB"]

1. d4 d5 2. Nf3 Nf6 3. Bf4 g6 4. e3 Bg7 5. Nbd2 0-0 6. Bd3 c5 7. c3 Nbd7 8. 0-0 b6 9. h3 Bb7 10. Ne5 Nxe5 11. Bxe5 Nd7 12. Bxg7 Kxg7 13. f4 e6 14. Qf3 Nf6 15. g4 Qd6 16. Rae1 a6 17. Rf2 b5 18. a3 Bc6 19. Rg2 a5 20. f5 exf5 21. gxf5 Rae8 22. Kh1 cxd4 23. cxd4 Ne4 24. Bxe4 dxe4 25. Qf2 Bd5 26. Nf1 f6 27. Ng3 g5 28. h4 h6 29. Reg1 Rc8 30. Rh2 Rh8 31. Qd2 b4 32. axb4 axb4 33. Nh5+ Kf7 34. Ra1 Rc7 35. Qe2 Rhc8 36. Rg2 b3 37. Ng3 Rc1+ 38. Rxc1 Rxc1+ 39. Kh2 Kg7 40. Kh3 Rc2 41. Qb5 Rxg2 42. Kxg2 Bf7 43. Qb7 Kf8 44. Kh3 h5 45. hxg5 fxg5 46. Nxe4 g4+ 47. Kh4 Qh6 48. Ng5 1-0

[Event "Belgrade-chT"]
[Site "Belgrade"]
[Date "2015.09.29"]
[Round "8.3"]
[White "Pantovic, Dragan M"]
[Black "Nikolic, Sava N"]
[Result "0-1"]
[WhiteElo "2171"]
[BlackElo "2281"]
[PlyCount "50"]
[EventDate "2015.09.21"]
[EventType "team-tourn"]
[EventRounds "9"]
[EventCountry "SRB"]
[SourceTitle "CBM 168 Extra"]
[Source "ChessBase"]
[SourceDate "2015.10.29"]
[SourceVersion "1"]
[SourceVersionDate "2015.10.29"]
[SourceQuality "1"]
[WhiteTeam "MZ Cirilo i Metodije"]
[BlackTeam "Belgrade"]
[WhiteTeamCountry "SRB"]
[BlackTeamCountry "SRB"]

1. d4 g6 2. Nf3 Bg7 3. c4 d6 4. g3 Nd7 5. Bg2 e5 6. Nc3 Ne7 7. 0-0 0-0 8. e4 exd4 9. Nxd4 Nc6 10. Nce2 Nde5 11. b3 f5 12. f4 Nf7 13. Bb2 fxe4 14. Qd2 e3 15. Qxe3 Bg4 16. Qd2 Qe7 17. Rae1 Rae8 18. Nb5 Qxe2 19. Rxe2 Rxe2 20. Qd3 Rxb2 21. Nxc7 Be2 22. Qe4 Bxf1 23. Bxf1 Rxa2 24. c5 d5 25. Nxd5 Ng5 0-1

[Event "Belgrade-chT"]
[Site "Belgrade"]
[Date "2015.09.26"]
[Round "5.5"]
[White "Nikolic, Sava N"]
[Black "Jocev, Milan"]
[Result "1/2-1/2"]
[WhiteElo "2281"]
[BlackElo "2193"]
[PlyCount "80"]
[EventDate "2015.09.21"]
[EventType "team-tourn"]
[EventRounds "9"]
[EventCountry "SRB"]
[SourceTitle "CBM 168 Extra"]
[Source "ChessBase"]
[SourceDate "2015.10.29"]
[SourceVersion "1"]
[SourceVersionDate "2015.10.29"]
[SourceQuality "1"]
[WhiteTeam "Belgrade"]
[BlackTeam "Itaka"]
[WhiteTeamCountry "SRB"]
[BlackTeamCountry "SRB"]

1. Nf3 Nf6 2. d4 g6 3. Bg5 Bg7 4. Nbd2 0-0 5. e4 d5 6. e5 Nfd7 7. Bd3 c5 8. c3 Nc6 9. 0-0 Qb6 10. Qb3 cxd4 11. Qxb6 Nxb6 12. cxd4 h6 13. Be3 Nb4 14. Bb1 Bf5 15. a3 Na6 16. Rc1 Rac8 17. Bxf5 gxf5 18. Ne1 Rxc1 19. Rxc1 Rc8 20. Rxc8+ Nxc8 21. Nd3 e6 22. Kf1 Ne7 23. Ke2 Nc6 24. Nf4 Bxe5 25. dxe5 d4 26. Nd3 dxe3 27. Kxe3 Nc7 28. Nc4 Nd5+ 29. Kd2 b6 30. Ne3 Nxe3 31. Kxe3 Kg7 32. f4 f6 33. exf6+ Kxf6 34. b4 e5 35. b5 exf4+ 36. Nxf4 Nd8 37. g3 Ke5 38. Ng6+ Kf6 39. Nf4 Ke5 40. Ng6+ Kf6 1/2-1/2

[Event "SCG-chT Premier League"]
[Site "Belgrade"]
[Date "2004.10.02"]
[Round "8"]
[White "Nikolic, Sava N"]
[Black "Katanic Vujic, Petar"]
[Result "1/2-1/2"]
[WhiteElo "2273"]
[BlackElo "2302"]
[PlyCount "95"]
[EventDate "2004.09.25"]
[EventType "team"]
[EventRounds "9"]
[EventCountry "YUG"]
[SourceTitle "CBM 102 Extra"]
[Source "ChessBase"]
[SourceDate "2004.11.03"]
[SourceVersion "1"]
[SourceVersionDate "2004.11.03"]
[SourceQuality "1"]

1. d4 Nf6 2. Nf3 g6 3. Bg5 Bg7 4. Nbd2 0-0 5. e4 d6 6. Bc4 Nxe4 7. Nxe4 d5 8. Bd3 dxe4 9. Bxe4 c5 10. c3 cxd4 11. Nxd4 Nd7 12. 0-0 Nf6 13. Bf3 h6 14. Bh4 e5 15. Nb3 Qc7 16. Re1 Bd7 17. Bxf6 Bxf6 18. Bxb7 Rab8 19. Be4 Be6 20. Qc2 Qb6 21. Re2 Rfd8 22. Rd1 Bc4 23. Rxd8+ Bxd8 24. Bd3 Bxb3 25. axb3 Qxb3 26. Qxb3 Rxb3 27. Bc4 Rb8 28. Rxe5 Bf6 29. Rb5 Rxb5 30. Bxb5 Bg5 31. Kf1 Bc1 32. b3 Bb2 33. c4 Bd4 34. Ke2 f5 35. Ba6 Kf7 36. f3 Ke6 37. Kd3 Bg1 38. h3 Ke5 39. b4 Kf4 40. Ke2 Kg3 41. Kf1 Bd4 42. c5 f4 43. Bd3 g5 44. Bf5 a5 45. c6 Bb6 46. bxa5 Bxa5 47. Bg4 Bc7 48. Bf5 1/2-1/2

[Event "Bad Wildbad op"]
[Site "Bad Wildbad"]
[Date "2002.03.25"]
[Round "5"]
[White "Schulze, Ulrich"]
[Black "Nikolic, Sava N"]
[Result "0-1"]
[WhiteElo "2354"]
[BlackElo "2320"]
[PlyCount "86"]
[EventDate "2002.03.22"]
[EventType "swiss"]
[EventRounds "9"]
[EventCountry "GER"]
[SourceTitle "EXT 2003"]
[Source "ChessBase"]
[SourceDate "2002.11.25"]
[SourceVersion "1"]
[SourceVersionDate "2002.11.25"]
[SourceQuality "1"]

1. Nf3 c5 2. c4 Nc6 3. Nc3 g6 4. e3 Nf6 5. d4 cxd4 6. exd4 d5 7. Bg5 Ne4 8. cxd5 Nxc3 9. bxc3 Qxd5 10. Be2 Bg7 11. 0-0 0-0 12. Qd2 Re8 13. Rab1 Qd6 14. Rfd1 b6 15. c4 Bf5 16. Rbc1 Be4 17. Be3 Rad8 18. Ng5 Bf5 19. c5 bxc5 20. Bc4 Rf8 21. dxc5 Qf6 22. Qe2 Ne5 23. h3 h6 24. Nf3 Nxc4 25. Qxc4 Be6 26. Qe2 Bd5 27. Nd4 e5 28. Nb5 Qa6 29. a4 Bc6 30. Qc4 Qb7 31. Rxd8 Rxd8 32. Nd6 Qd7 33. a5 Rf8 34. Rb1 Kh7 35. a6 f5 36. Rb7 Bxb7 37. axb7 f4 38. c6 Qxd6 39. c7 fxe3 40. fxe3 Qd1+ 41. Kh2 e4 42. Qc5 Rf1 43. c8Q Qe1 0-1

[Event "St Ingbert op"]
[Site "St Ingbert"]
[Date "2000.07.25"]
[Round "5"]
[White "Nikolic, Sava N"]
[Black "Leibbrand, Udo Manfred"]
[Result "1-0"]
[WhiteElo "2326"]
[BlackElo "2111"]
[PlyCount "119"]
[EventDate "2000.07.22"]
[EventType "swiss"]
[EventRounds "9"]
[EventCountry "GER"]
[SourceTitle "EXT 2001"]
[Source "ChessBase"]
[SourceDate "2000.11.22"]
[SourceVersion "1"]
[SourceVersionDate "2000.11.22"]
[SourceQuality "1"]

1. d4 Nf6 2. c4 e6 3. Nc3 Bb4 4. Qc2 0-0 5. a3 Bxc3+ 6. Qxc3 b6 7. f3 Ne8 8. e4 c5 9. dxc5 bxc5 10. Be3 d6 11. Rd1 Qc7 12. b4 Nd7 13. b5 Bb7 14. Ne2 a6 15. a4 axb5 16. axb5 Nb6 17. Nf4 e5 18. Nh5 g6 19. Ng3 Ng7 20. Bh6 Ra2 21. Qd3 Rd8 22. Bxg7 Kxg7 23. Be2 Ra4 24. Rc1 Rda8 25. Kf2 Bc8 26. Rhd1 Be6 27. Qxd6 Qxd6 28. Rxd6 Nd7 29. Nf1 Kf8 30. Ne3 Ke7 31. Rcd1 Ra1 32. R1d3 R8a7 33. h4 Rc1 34. Rd1 Rxd1 35. Rxd1 Nb6 36. g3 Ra2 37. Rc1 f6 38. f4 h6 39. f5 gxf5 40. exf5 Bf7 41. Ke1 Ra3 42. Kd2 h5 43. Rc3 Ra1 44. Nc2 Ra4 45. Ra3 Rxa3 46. Nxa3 Kd6 47. Kd3 Kc7 48. Kc3 Kd6 49. Bf3 Na4+ 50. Kd3 Nb2+ 51. Kc3 Na4+ 52. Kd2 Nb6 53. Kd3 Na4 54. g4 hxg4 55. Bxg4 Ke7 56. Be2 Kf8 57. Nb1 Nb6 58. Nd2 Ke7 59. Kc3 Nd7 60. Ne4 1-0

[Event "St Ingbert op"]
[Site "St Ingbert"]
[Date "2000.07.24"]
[Round "4"]
[White "Bischoff, Klaus"]
[Black "Nikolic, Sava N"]
[Result "1/2-1/2"]
[WhiteElo "2556"]
[BlackElo "2326"]
[PlyCount "53"]
[EventDate "2000.07.22"]
[EventType "swiss"]
[EventRounds "9"]
[EventCountry "GER"]
[SourceTitle "EXT 2001"]
[Source "ChessBase"]
[SourceDate "2000.11.22"]
[SourceVersion "1"]
[SourceVersionDate "2000.11.22"]
[SourceQuality "1"]

1. Nf3 c5 2. c4 Nc6 3. d4 cxd4 4. Nxd4 g6 5. e4 Qa5+ 6. Nc3 Bg7 7. Be3 Nf6 8. Nb3 Qd8 9. f3 b6 10. Qd2 Ba6 11. Nd4 0-0 12. Be2 Rc8 13. b3 Nh5 14. 0-0 e6 15. Rad1 Nxd4 16. Bxd4 Bxd4+ 17. Qxd4 Qg5 18. Rfe1 d6 19. Bf1 Rfd8 20. Qe3 Qxe3+ 21. Rxe3 Kf8 22. Red3 Ke7 23. R3d2 f5 24. exf5 gxf5 25. Re1 Kf7 26. Ne2 Ng7 27. Nd4 1/2-1/2

[Event "YUG-chT"]
[Site "Niksic"]
[Date "1996.??.??"]
[Round "?"]
[White "Nikac, Predrag"]
[Black "Nikolic, Sava N"]
[Result "1/2-1/2"]
[WhiteElo "2375"]
[BlackElo "2335"]
[PlyCount "113"]
[EventDate "1996.??.??"]
[EventType "team"]
[EventRounds "12"]
[EventCountry "YUG"]
[SourceTitle "EXT 2000"]
[Source "ChessBase"]
[SourceDate "1999.11.16"]
[SourceVersion "1"]
[SourceVersionDate "1999.11.16"]
[SourceQuality "1"]

1. e4 g6 2. d4 Bg7 3. c4 d6 4. Nc3 Nc6 5. Be3 e5 6. d5 Nce7 7. Bd3 Nh6 8. f3 f5 9. Qd2 Nf7 10. h4 f4 11. Bf2 0-0 12. c5 c6 13. Bc4 b5 14. cxb6 c5 15. bxa7 Qb6 16. Nb5 Bd7 17. a4 Nc8 18. b4 Bxb5 19. Bxb5 Nxa7 20. Rc1 Nxb5 21. bxc5 Qb8 22. axb5 dxc5 23. Bxc5 Qxb5 24. Ne2 Rfc8 25. Qb4 Qa6 26. h5 gxh5 27. Kf2 Qg6 28. Be7 Rcb8 29. Ra1 Rxb4 30. Rxa8+ Nd8 31. Rc1 Rb2 32. Rxd8+ Kf7 33. Bh4 Qb6+ 34. Kf1 Rb1 35. Rd7+ Kg6 36. Rd6+ Qxd6 37. Rxb1 Bf6 38. Rc1 Bxh4 39. Rc6 Be7 40. Nc3 Kf7 41. Rxd6 Bxd6 42. Ke2 Ke7 43. Kd3 Bc5 44. Kc4 Bf2 45. Kb5 Kd7 46. Na4 Kd6 47. Nc3 Kd7 48. Kc4 Ke7 49. Nb5 Kd7 50. d6 Kc6 51. d7 Bb6 52. Nc3 Kxd7 53. Kd5 Bd4 54. Nb5 Ba1 55. Nd6 Ke7 56. Nc4 Kf6 57. Nd6 1/2-1/2

[Event "YUG-chT"]
[Site "Niksic"]
[Date "1996.??.??"]
[Round "?"]
[White "Nikolic, Sava N"]
[Black "Laketic, Gojko"]
[Result "0-1"]
[WhiteElo "2335"]
[BlackElo "2445"]
[PlyCount "110"]
[EventDate "1996.??.??"]
[EventType "team"]
[EventRounds "12"]
[EventCountry "YUG"]
[SourceTitle "EXT 2000"]
[Source "ChessBase"]
[SourceDate "1999.11.16"]
[SourceVersion "1"]
[SourceVersionDate "1999.11.16"]
[SourceQuality "1"]

1. Nf3 Nf6 2. g3 d5 3. Bg2 c5 4. 0-0 Nc6 5. d3 e5 6. c3 Be7 7. Nbd2 0-0 8. e4 d4 9. Nc4 Nd7 10. a4 Qc7 11. Qb3 b6 12. Bd2 Rb8 13. Rfc1 Na5 14. Nxa5 bxa5 15. Qc2 Qb6 16. Bh3 Bd6 17. Qd1 Qa6 18. Rc2 Qxd3 19. Ng5 Qa6 20. cxd4 exd4 21. f4 d3 22. Rcc1 Be7 23. Bc3 Bxg5 24. fxg5 c4 25. Bf5 Nc5 26. Bxh7+ Kxh7 27. Qh5+ Kg8 28. g6 Qxg6 29. Qxc5 Be6 30. Qxa7 Qxe4 31. Re1 Qc6 32. Re5 Bh3 33. Qf2 Rbe8 34. Rc5 Qg6 35. Re1 Rxe1+ 36. Qxe1 Rd8 37. Qe3 d2 38. Bxd2 Qc2 39. Rh5 Qxd2 40. Qxd2 Rxd2 41. Rxh3 Rxb2 42. g4 Ra2 43. Rc3 Rxa4 44. Kf2 Rb4 45. Rc1 a4 46. Ke3 a3 47. Ra1 Ra4 48. Kd4 a2 49. Kc3 f6 50. h3 Kh7 51. h4 Kh6 52. Kc2 g6 53. Kc3 f5 54. gxf5 gxf5 55. Kd4 Kh5 0-1

[Event "YUG-chT"]
[Site "Niksic"]
[Date "1996.??.??"]
[Round "?"]
[White "Nikolic, Sava N"]
[Black "Vujovic, Milorad"]
[Result "1-0"]
[WhiteElo "2335"]
[BlackElo "2310"]
[PlyCount "123"]
[EventDate "1996.??.??"]
[EventType "team"]
[EventRounds "12"]
[EventCountry "YUG"]
[SourceTitle "EXT 2000"]
[Source "ChessBase"]
[SourceDate "1999.11.16"]
[SourceVersion "1"]
[SourceVersionDate "1999.11.16"]
[SourceQuality "1"]

1. Nf3 c5 2. g3 Nc6 3. Bg2 d5 4. 0-0 e5 5. d3 Nf6 6. c3 h6 7. Nbd2 Be7 8. e4 dxe4 9. dxe4 Be6 10. Qe2 0-0 11. Nc4 Qc7 12. Nh4 Ne8 13. Nf5 Bxc4 14. Qxc4 Nd6 15. Nxd6 Bxd6 16. Be3 Na5 17. Qe2 c4 18. Qg4 Qc8 19. Bh3 Qxg4 20. Bxg4 Rfd8 21. Rfd1 Bc7 22. Bd7 Bb6 23. Rd5 Kf8 24. Rad1 f6 25. Bc5+ Bxc5 26. Rxc5 b6 27. Rc7 Rab8 28. Rxa7 Rb7 29. Rxb7 Nxb7 30. Ba4 Rxd1+ 31. Bxd1 Nc5 32. Bc2 b5 33. f3 Ke7 34. Kf2 Kd6 35. Ke3 Kc6 36. b3 cxb3 37. axb3 b4 38. cxb4 Ne6 39. Kd3 Nd4 40. Bd1 Kb5 41. Kc3 g5 42. f4 Kc6 43. f5 Nb5+ 44. Kd3 Nd6 45. Be2 Nb5 46. h4 Nd4 47. Bd1 Nb5 48. Bh5 Nd6 49. hxg5 hxg5 50. Be2 Nb5 51. Kd2 Nd4 52. Bc4 Kd6 53. Kc3 Kc6 54. Bd3 Kd6 55. b5 Kc5 56. b4+ Kb6 57. Kc4 g4 58. Kd5 Kc7 59. Bc4 Nc2 60. Ke6 Nxb4 61. Kxf6 Kd6 62. Kg7 1-0

[Event "Belgrade-B"]
[Site "Belgrade"]
[Date "1991.??.??"]
[Round "11"]
[White "Mozetic, Dejan"]
[Black "Nikolic, Sava N"]
[Result "1-0"]
[WhiteElo "2265"]
[BlackElo "2370"]
[PlyCount "59"]
[EventDate "1991.??.??"]
[EventType "tourn"]
[EventRounds "13"]
[EventCountry "YUG"]
[EventCategory "3"]
[SourceTitle "EXT 1997"]
[Source "ChessBase"]
[SourceDate "1996.11.15"]
[SourceVersion "1"]
[SourceVersionDate "1996.11.15"]
[SourceQuality "1"]

1. c4 g6 2. Nc3 Bg7 3. d4 d6 4. e4 Nc6 5. Be3 e5 6. d5 Nce7 7. g4 f5 8. gxf5 gxf5 9. Qh5+ Ng6 10. exf5 Qh4 11. Qxh4 Nxh4 12. Nb5 Kd8 13. Nxa7 Bxf5 14. Nb5 Be4 15. f3 Nxf3+ 16. Nxf3 Bxf3 17. Rg1 Bf6 18. Be2 Be4 19. c5 Ne7 20. cxd6 cxd6 21. Rc1 Nxd5 22. Nxd6 Nxe3 23. Nxe4 Bh4+ 24. Kd2 Nf5 25. Rc5 Rxa2 26. Bg4 Rf8 27. Kc3 Nd4 28. Rc8+ Ke7 29. Rc7+ Kd8 30. Rd7+ 1-0

[Event "Belgrade-B"]
[Site "Belgrade"]
[Date "1991.??.??"]
[Round "3"]
[White "Nikolic, Sava N"]
[Black "Jovanovic, Sasa D"]
[Result "1/2-1/2"]
[WhiteElo "2370"]
[BlackElo "2235"]
[PlyCount "50"]
[EventDate "1991.??.??"]
[EventType "tourn"]
[EventRounds "13"]
[EventCountry "YUG"]
[EventCategory "3"]
[SourceTitle "EXT 1997"]
[Source "ChessBase"]
[SourceDate "1996.11.15"]
[SourceVersion "1"]
[SourceVersionDate "1996.11.15"]
[SourceQuality "1"]

1. Nf3 c5 2. g3 Nc6 3. Bg2 g6 4. 0-0 Bg7 5. d3 d6 6. c3 e5 7. e4 Nge7 8. a3 0-0 9. b4 h6 10. Nbd2 Be6 11. Bb2 Rc8 12. Nc4 b5 13. Ne3 cxb4 14. axb4 d5 15. exd5 Nxd5 16. Qe2 e4 17. dxe4 Nxc3 18. Bxc3 Bxc3 19. Rac1 Nxb4 20. Qxb5 a6 21. Qa4 Nd3 22. Rfd1 Nb2 23. Rxd8 Nxa4 24. Rd6 Bb4 25. Rxc8 Bxd6 1/2-1/2

[Event "YUG-Cup 33rd"]
[Site "Pula"]
[Date "1990.05.20"]
[Round "5"]
[White "Nikolic, Sava N"]
[Black "Vucinic, Pero"]
[Result "1-0"]
[WhiteElo "2335"]
[BlackElo "2320"]
[PlyCount "91"]
[EventDate "1990.05.16"]
[EventType "team"]
[EventRounds "5"]
[EventCountry "YUG"]
[SourceTitle "TD"]
[Source "ChessBase"]
[SourceDate "1994.03.01"]
[SourceVersion "1"]
[SourceVersionDate "1994.03.01"]
[SourceQuality "1"]
[WhiteTeam "Belgrade JIK"]
[BlackTeam "Titograd"]
[WhiteTeamCountry "YUG"]
[BlackTeamCountry "YUG"]

1. e4 e6 2. d3 g6 3. g3 Bg7 4. Bg2 d6 5. f4 c5 6. Nf3 Nc6 7. c3 Nge7 8. Nbd2 0-0 9. 0-0 e5 10. Nc4 b5 11. Ne3 exf4 12. gxf4 Rb8 13. Kh1 b4 14. d4 bxc3 15. bxc3 Qa5 16. Bd2 Ba6 17. Rf2 Rb2 18. d5 Nb8 19. c4 Qc7 20. Qe1 Nd7 21. Ba5 Qb8 22. Rxb2 Qxb2 23. e5 dxe5 24. Bc3 Qb8 25. fxe5 Nxe5 26. Nxe5 Bxe5 27. Ng4 f6 28. Nxe5 fxe5 29. Bxe5 Qc8 30. Bd6 Nf5 31. Bxf8 Kxf8 32. Qe5 Kf7 33. d6 Bb7 34. Rd1 Bxg2+ 35. Kxg2 Nh4+ 36. Kg3 Nf5+ 37. Kf2 Qd7 38. Qxc5 Kf6 39. Qd5 h5 40. c5 Qa4 41. d7 Qh4+ 42. Kg1 Qg4+ 43. Kh1 Ng3+ 44. hxg3 Qh3+ 45. Kg1 Qxg3+ 46. Qg2 1-0

[Event "YUG-Cup"]
[Site "Svetozarevo"]
[Date "1990.??.??"]
[Round "?"]
[White "Ljubisavljevic, Zivojin Z"]
[Black "Nikolic, Sava N"]
[Result "1-0"]
[WhiteElo "2355"]
[BlackElo "2335"]
[PlyCount "85"]
[EventDate "1990.??.??"]
[EventType "swiss"]
[EventRounds "9"]
[EventCountry "YUG"]
[SourceTitle "EXT 1997"]
[Source "ChessBase"]
[SourceDate "1996.11.15"]
[SourceVersion "1"]
[SourceVersionDate "1996.11.15"]
[SourceQuality "1"]

1. d4 g6 2. e4 Bg7 3. c3 d6 4. f4 Nf6 5. e5 dxe5 6. fxe5 Nd5 7. Nf3 0-0 8. Bc4 c6 9. 0-0 b5 10. Bb3 Na6 11. Qe1 c5 12. Qh4 f6 13. Bh6 g5 14. Nxg5 fxg5 15. Rxf8+ Qxf8 16. Bxd5+ e6 17. Qxg5 exd5 18. Bxg7 Qf5 19. Bh6+ Qxg5 20. Bxg5 Bf5 21. Nd2 cxd4 22. cxd4 Rc8 23. Rf1 Bg6 24. Bh6 Nb4 25. Nb3 Nc6 26. Rc1 Bf5 27. h3 Kf7 28. g4 Be6 29. Rf1+ Kg8 30. Rf6 Bf7 31. a3 Ne7 32. Nc5 Ng6 33. b4 Be8 34. h4 Bc6 35. h5 Ne7 36. e6 Re8 37. Rf7 Nc8 38. Nd7 Bxd7 39. Rg7+ Kh8 40. exd7 Rd8 41. dxc8Q Rxc8 42. Rxa7 Kg8 43. Bf4 1-0